000 006320000a22001930004500
999 _c59868
_d59868
001 768714001
003 CO-MdFUSB
005 20170718090235.0
008 170718s1990 ag ||||| |||| 00| 0 spa d
022 _a0122-2996
040 _aCO-MdFUSB
_bspa
_cCO-MdFUSB
_dCO-MdFUSB
041 _aspa
100 1 _aNúñez, Benjamín
_eautor
245 1 0 _aEl totalitarismo político :
_bun enfoque sociológico
300 _aVolumen 22. Número 38 (1990), Páginas 113-117
_c22 cm.
546 _aTexto en español
773 0 _tBoletín Teológico
_049507
_961471
_gVolumen 22. Número 38 (1990), Páginas 113-117
_qPágina 113
942 _cANA